Multiplication - Statistiques

Statistiques générales
  • Ce quiz a été pris 102 fois
  • Le résultat moyen est 17 sur 20
Statistiques - réponses
Réponse % Correct
6 x 7 42
100%
10 x 9864 98640
96%
0 x 12 0
95%
12 x 25 300
94%
5 x 9 45
94%
50 x 10 500
94%
8 x 8 64
94%
4 x 25 100
92%
15 x 8 120
90%
72 x 9 648
89%
12 x 9 108
88%
9 x 15 135
86%
12 x 41 492
86%
16 x 9 144
82%
29 x 8 232
80%
11 x 79 869
77%
20 x 456 9120
76%
46 x 25 1150
70%
43 x 12 516
70%
71 x 99 7029
68%
Aucun quiz correspondant
Distribution des résultats
% des personnes avec chaque résultat
Percentile par nombre de réponses
Votre historique - résultats
Vous n’avez pas pris ce quiz